00879nam a2200229 a 4500001001000000003000500010005001700015008004100032010001100073011001100084040000900095100002900104245015000133260004100283500006000324502007900384650001900463650002500482650002800507650004400535856007000579000115348CHAP20220329144530.0190513s2018 mx a |sm |||||||spa d a111809 a112781 cCHAP1 aSánchez Baruch, Ingry.10aCondición actual del recurso hídrico en afluentes de la subcuena Huatusco en el Estado de Veracruzh[En línea]cpor Ingry Sánchez Baruch. aChapingo, Méx. :bEl autor,c2018. aPara ver el contenido del material haga clic en la liga aTesis (Ing. en Recursos Naturales Renovables) -- UACH. Departamento Suelos14aAguaxCalidad.14aAguaxUtilización.14aCuencasxMorfometría.14aRecursos hidraúlicosxConservación. aFinding aiduhttp://10.13.5.2/tesis/sist115348.pdfzTeclea aquí